[Event "Momotov mem"]
[Site "?"]
[Date "1997.??.??"]
[Round "?"]
[White "Ivanov Victor L"]
[Black "Dumitrache Dragos"]
[Result "1-0"]
[WhiteElo "2390"]
[BlackElo "2495"]
[PlyCount "87"]
[EventDate "1997.??.??"]
[Source "www.chesslib.no"]
[SourceDate "2004.05.04"]

1. e4 e5 2. Nf3 Nc6 3. d4 exd4 4. Nxd4 Qh4 5. Nb5 Bc5 6. Qe2 Nf6 7. Be3 Bb4+ 8. c3 Ba5 9. Nd2 a6 10. Nd4 Nxd4 11. Bxd4 b5 12. g3 Qh6 13. Nb3 Bb6 14. Bxb6 cxb6 15. Nd4 d5 16. exd5+ Kf8 17. Bg2 Bg4 18. Qd3 Re8+ 19. Kf1 g6 20. h3 Bc8 21. Nc2 Kg7 22. Qd4 g5 23. Ne3 Qg6 24. Kg1 h5 25. Kh2 Rd8 26. Rad1 Rhe8 27. Rhe1 Kg8 28. Kg1 Ne4 29. Nf1 Nc5 30. b4 Na4 31. Rxe8+ Rxe8 32. d6 Rd8 33. Ne3 Qg7 34. Nd5 Qxd4 35. Rxd4 Be6 36. Bf1 Kf8 37. Nc7 Nxc3 38. Nxa6 Bxa2 39. Nc7 Bc4 40. Bxc4 bxc4 41. Rxc4 Na4 42. Rd4 Rd7 43. Nb5 Ke8 44. Rd2 1-0

[Event "Commonwealth-ch"]
[Site "?"]
[Date "2000.??.??"]
[Round "4"]
[White "Swathi Ghate"]
[Black "Vladimirov Evgeny"]
[Result "0-1"]
[WhiteElo "2297"]
[BlackElo "2586"]
[PlyCount "104"]
[EventDate "2000.??.??"]
[Source "www.chesslib.no"]
[SourceDate "2004.05.04"]

1. e4 e5 2. Nf3 Nc6 3. d4 exd4 4. Nxd4 Qh4 5. Nc3 Bb4 6. Be2 Nf6 7. O-O Bxc3 8. bxc3 Nxd4 9. cxd4 Nxe4 10. Bd3 d5 11. Ba3 Nd6 12. Bb5+ Kf8 13. Qe1 Be6 14. Qc3 Qd8 15. f4 g6 16. Bd3 Kg7 17. f5 gxf5 18. Bxd6 Qxd6 19. Bxf5 Rae8 20. Qh3 c6 21. Qh5 h6 22. Rf3 Bxf5 23. Rxf5 Qg6 24. Qf3 Re6 25. Rf1 f6 26. c4 dxc4 27. d5 cxd5 28. Qxd5 Rhe8 29. Qxb7+ R8e7 30. Qf3 Re1 31. Rc5 Rxf1+ 32. Qxf1 Qe8 33. Kf2 Qd7 34. Rxc4 Qd2+ 35. Kg3 h5 36. h3 Qxa2 37. Kh2 Qa5 38. Qf4 Qd5 39. Rd4 Qe5 40. Qxe5 fxe5 41. Re4 Kf6 42. Kg3 Ke6 43. Ra4 Rf7 44. Ra6+ Kd5 45. Ra5+ Kd4 46. Ra4+ Kd3 47. Ra3+ Kc4 48. Ra4+ Kc3 49. Ra3+ Kb4 50. Re3 Re7 51. Kh4 e4 52. Kxh5 Kc4 0-1

[Event "New York op"]
[Site "New York"]
[Date "1994.??.??"]
[Round "6"]
[White "Hjartarson, Johann"]
[Black "Moulin, Pierre"]
[Result "1-0"]
[WhiteElo "2595"]
[BlackElo "2280"]
[PlyCount "41"]
[EventDate "1994.03.??"]
[Source "ChessBase"]

1. e4 e5 2. Nf3 Nc6 3. d4 exd4 4. Nxd4 Qh4 5. Nc3 Bb4 6. Be2 Qxe4 7. Ndb5 Bxc3+ 8. bxc3 Kd8 9. O-O Nf6 10. Rb1 Re8 11. Bf3 Qc4 12. Bg5 Re5 13. Qd2 a6 14. Nd4 Rc5 15. Bxf6+ gxf6 16. Qh6 Ke7 17. Rfe1+ Re5 18. Nf5+ Ke6 19. Be4 d5 20. Bd3 Qa4 21. Qf8 1-0

[Event "SLO Ch"]
[Site "Slovenia"]
[Date "1992.??.??"]
[Round "?"]
[White "Grosar, Aljosa"]
[Black "Barle, Janez"]
[Result "1-0"]
[WhiteElo "2415"]
[BlackElo "2455"]
[PlyCount "47"]
[EventDate "1992.??.??"]
[Source "www.chesslib.no"]
[SourceDate "2004.05.04"]

1. e4 e5 2. Nf3 Nc6 3. d4 exd4 4. Nxd4 Qh4 5. Nc3 Bb4 6. Be2 Nge7 7. O-O Bxc3 8. bxc3 Qxe4 9. Nb5 Kd8 10. Be3 d6 11. Re1 Qd5 12. Qc1 Ne5 13. Qa3 Bd7 14. Rad1 Nc4 15. Bxc4 Qxc4 16. Nxd6 cxd6 17. Bg5 Be6 18. Qxd6+ Kc8 19. Qxe7 b6 20. Rd4 Qc6 21. Red1 Qc7 22. Rd8+ Kb7 23. R1d7 Bxd7 24. Rxd7 1-0

[Event "III President's Cup"]
[Site "Baku AZE"]
[Date "2008.05.14"]
[Round "3"]
[White "Timman, J."]
[Black "Davidov, S."]
[Result "1-0"]
[WhiteElo "2565"]
[BlackElo "2304"]
[PlyCount "45"]
[EventDate "2008.05.12"]
[Source "www.chesslib.no"]
[SourceDate "2004.05.04"]

1. e4 e5 2. Nf3 Nc6 3. d4 exd4 4. Nxd4 Qh4 5. Nc3 Bb4 6. Be2 Qxe4 7. Ndb5 Qxg2 8. Bf3 Qh3 9. Nxc7+ Kd8 10. Nxa8 Ne5 11. Be2 Ne7 12. Qd4 Qg2 13. Rf1 N7c6 14. Qh4+ f6 15. Be3 Nf3+ 16. Bxf3 Qxf3 17. Qg3 Qxg3 18. hxg3 Re8 19. O-O-O Bxc3 20. bxc3 b5 21. Rfe1 Rxe3 22. Rxe3 Bb7 23. Rde1 1-0

[Event "Corr"]
[Site "?"]
[Date "1997.??.??"]
[Round "?"]
[White "Gather Juergen"]
[Black "Frolik Erhard"]
[Result "1-0"]
[WhiteElo "2420"]
[BlackElo "2445"]
[PlyCount "57"]
[EventDate "1997.??.??"]
[Source "www.chesslib.no"]
[SourceDate "2004.05.04"]

1. e4 e5 2. Nf3 Nc6 3. d4 exd4 4. Nxd4 Qh4 5. Nc3 Bb4 6. Be2 a6 7. O-O Bxc3 8. bxc3 Nge7 9. f4 d6 10. Rb1 O-O 11. Bd2 f5 12. Nxf5 Nxf5 13. exf5 Rxf5 14. Re1 Rb8 15. Bf3 Bd7 16. g3 Qd8 17. c4 Kh8 18. Bd5 b5 19. Bc3 b4 20. Ba1 a5 21. Rb3 Qf8 22. Rbe3 Rd8 23. Be4 Rf6 24. Qh5 h6 25. Bd5 a4 26. Bxf6 Qxf6 27. Re8+ Kh7 28. R8e6 Qd4+ 29. Kg2 1-0

[Event "Bergen op"]
[Site "Bergen"]
[Date "2002.07.24"]
[Round "5"]
[White "Kulaots, Kaido"]
[Black "Bach, Matthias"]
[Result "1/2-1/2"]
[WhiteElo "2542"]
[BlackElo "2314"]
[PlyCount "70"]
[EventDate "2002.07.20"]
[Source "ChessBase"]
[SourceDate "2002.09.11"]

1. e4 e5 2. Nf3 Nc6 3. d4 exd4 4. Nxd4 Qh4 5. Nc3 Bb4 6. Be2 Qxe4 7. Ndb5 Bxc3+ 8. bxc3 Kd8 9. O-O Nf6 10. Be3 d6 11. Re1 Bd7 12. c4 Ne5 13. Nc3 Qg6 14. c5 Bc6 15. f3 Kc8 16. cxd6 Rd8 17. Nb5 Nd5 18. dxc7 Nxc7 19. Nd4 Nd5 20. Bd2 Qf6 21. c3 Nf4 22. Bxf4 Qxf4 23. Qb3 Bd5 24. Qa3 Nc6 25. Nb5 a6 26. Rad1 Kb8 27. Nd4 Kc7 28. Nxc6 Qe3+ 29. Kf1 Bxc6 30. Qa5+ b6 31. Qf5 Rxd1 32. Rxd1 Qe6 33. Qxh7 Re8 34. Rd2 Qe5 35. Qd3 Qxh2 1/2-1/2

[Event "Elista ol (Men)"]
[Site "Elista"]
[Date "1998.10.03"]
[Round "5"]
[White "Al Hadarani, Hatim"]
[Black "Mitkov, Nikola"]
[Result "1-0"]
[WhiteElo "2340"]
[BlackElo "2515"]
[PlyCount "109"]
[EventDate "1998.09.29"]
[Source "ChessBase"]
[SourceDate "1998.11.06"]

1. e4 e5 2. Nf3 Nc6 3. d4 exd4 4. Nxd4 Qh4 5. Nb5 Bc5 6. Qe2 Nf6 7. Be3 Bxe3 8. Qxe3 Nb4 9. Bd3 Na6 10. N1c3 O-O 11. O-O-O b6 12. g3 Qh5 13. f4 Bb7 14. Rhg1 Qc5 15. Qxc5 bxc5 16. e5 Ne8 17. Bf5 Nb8 18. Bxd7 Nxd7 19. Rxd7 Bc6 20. Re7 f6 21. Nxc7 Nxc7 22. Rxc7 Rfc8 23. Rxc8+ Rxc8 24. exf6 gxf6 25. Re1 Kf8 26. Re3 Rc7 27. Nd1 Kg7 28. Nf2 Kg6 29. b3 Kf5 30. Rc3 Bb5 31. Nd3 c4 32. Nb2 Kg4 33. a4 Ba6 34. Nd1 Kh3 35. Nf2+ Kg2 36. Ng4 Rf7 37. bxc4 Bc8 38. Ne3+ Kxh2 39. g4 Kg3 40. f5 Bb7 41. c5 Bc6 42. a5 Kf4 43. Kd2 Bf3 44. Rc4+ Ke5 45. c3 Rc7 46. Rd4 Be4 47. Nc4+ Kf4 48. Nd6 Kxg4 49. Rxe4+ Kg5 50. Rc4 Rc6 51. Ke3 h5 52. Kf3 h4 53. Kg2 a6 54. Kh3 Rc7 55. c6 1-0

[Event "Schwarzach Open A, Salzburg AUT"]
[Site "?"]
[Date "2001.??.??"]
[Round "4"]
[White "Medvegy, Z."]
[Black "Karpatchev, A."]
[Result "0-1"]
[WhiteElo "2430"]
[BlackElo "2420"]
[PlyCount "130"]
[EventDate "2001.??.??"]
[Source "www.chesslib.no"]
[SourceDate "2004.05.04"]

1. e4 e5 2. Nf3 Nc6 3. d4 exd4 4. Nxd4 Qh4 5. Nc3 Bb4 6. Be2 Qxe4 7. Ndb5 Bxc3+ 8. bxc3 Kd8 9. O-O Nf6 10. Rb1 Re8 11. Bf3 Qf5 12. Nd4 Nxd4 13. cxd4 d5 14. Ba3 b6 15. Re1 Rxe1+ 16. Qxe1 Be6 17. c4 Kc8 18. c5 Kb7 19. Rc1 c6 20. Be2 Qf4 21. Qb4 Nd7 22. g3 Qc7 23. Qa4 Nb8 24. Bf1 Qd7 25. Qc2 Bf5 26. Qe2 b5 27. Re1 Na6 28. Bc1 Nc7 29. a4 Re8 30. Be3 Bh3 31. axb5 Nxb5 32. Bxh3 Qxh3 33. Ra1 Qd7 34. Qc2 h5 35. Qh7 g6 36. h4 Qf5 37. Qg7 Nc3 38. Kh2 Ka8 39. Qh6 Ne4 40. Ra2 Nf6 41. Qf4 Ng4+ 42. Kg2 Nxe3+ 43. fxe3 Qxf4 44. exf4 Re4 45. Ra4 Kb7 46. Rb4+ Kc8 47. Ra4 Re7 48. f5 gxf5 49. Kf3 Kb7 50. Kf4 Re4+ 51. Kg5 Rg4+ 52. Kxh5 Rxg3 53. Rb4+ Ka6 54. Ra4+ Kb5 55. Rxa7 f4 56. Rxf7 f3 57. Rf6 Kc4 58. Rxc6 Kxd4 59. Rc8 f2 60. Rf8 Ke3 61. c6 Rg7 62. Rf5 d4 63. Kh6 Rc7 64. Kh5 d3 65. Re5+ Kd4 0-1

[Event "Cappelle Open"]
[Site "Cappelle la Grande FRA"]
[Date "1994.??.??"]
[Round "8"]
[White "Oral, Tomas"]
[Black "Mitkov, Nikola"]
[Result "0-1"]
[WhiteElo "2375"]
[BlackElo "2470"]
[PlyCount "128"]
[EventDate "1994.02.??"]
[Source "www.chesslib.no"]
[SourceDate "2004.05.04"]

1. e4 e5 2. Nf3 Nc6 3. d4 exd4 4. Nxd4 Qh4 5. Nc3 Bb4 6. Be2 Bxc3+ 7. bxc3 Nf6 8. Nxc6 dxc6 9. O-O Qxe4 10. Bf3 Qc4 11. Rb1 O-O 12. Re1 Nd5 13. Bxd5 cxd5 14. Qd3 Qxa2 15. Rb4 Qa6 16. Qxa6 bxa6 17. Re7 c5 18. Rb2 Bf5 19. Be3 Rab8 20. Rxb8 Rxb8 21. h3 Bxc2 22. Rxa7 Bd3 23. Bxc5 h6 24. Kh2 Rb5 25. Bb4 Rb6 26. Rd7 Bc4 27. Rd6 Rb7 28. Rc6 Kh7 29. Rc5 Rb6 30. Ra5 Re6 31. Bc5 g5 32. Kg3 Kg6 33. h4 f5 34. hxg5 hxg5 35. f4 g4 36. Bd4 Bb5 37. Ra2 Re1 38. Rf2 Rb1 39. Ra2 Bc4 40. Ra5 Rb2 41. Rc5 Kh5 42. Rc8 Bf1 43. Rh8+ Kg6 44. Kh4 Rxg2 45. Rg8+ Kf7 46. Rg7+ Ke6 47. Kg5 Bd3 48. Bc5 d4 49. cxd4 Rh2 50. Rg6+ Kd5 51. Rd6+ Kc4 52. Rxa6 g3 53. Ra5 Rd2 54. d5 g2 55. d6 Be4 56. Bg1 Rxd6 57. Ra1 Rd3 58. Ba7 Rg3+ 59. Kf6 Rf3 60. Rc1+ Kd3 61. Rc7 Rxf4 62. Rg7 Rf1 63. Rg3+ Ke2 64. Be3 Rh1 0-1

[Event "UKR-ch U20"]
[Site "Kharkov"]
[Date "2000.??.??"]
[Round "1"]
[White "Andreev, Eduard"]
[Black "Fedorchuk, Sergey A"]
[Result "1/2-1/2"]
[WhiteElo "2433"]
[BlackElo "2408"]
[PlyCount "91"]
[EventDate "2000.12.??"]
[Source "ChessBase"]
[SourceDate "2001.01.11"]

1. e4 e5 2. Nf3 Nc6 3. d4 exd4 4. Nxd4 Qh4 5. Nb5 Bc5 6. Qe2 Nd4 7. Nxd4 Bxd4 8. Nd2 Qe7 9. c3 Bc5 10. e5 a6 11. Ne4 Ba7 12. f4 Nh6 13. Be3 Bxe3 14. Qxe3 O-O 15. Bd3 d6 16. O-O dxe5 17. fxe5 Ng4 18. Qg3 Qxe5 19. Rf4 Nh6 20. Nf6+ Kh8 21. Nxh7 Re8 22. Ng5 Qe3+ 23. Qxe3 Rxe3 24. Bc4 f6 25. Nf7+ Kh7 26. Nxh6 Kxh6 27. Rh4+ Kg6 28. Rh8 c6 29. a4 b6 30. Rd1 b5 31. axb5 axb5 32. Bd3+ Kf7 33. Bf5 Bb7 34. Rxa8 Bxa8 35. Ra1 Bb7 36. Ra7 Re7 37. b4 g6 38. Bg4 Ke8 39. Kf2 Kd8 40. Bf3 Kc7 41. Ra2 c5 42. Rd2 Bxf3 43. Kxf3 Kc6 44. g4 f5 45. gxf5 Rf7 46. Ke4 1/2-1/2

[Event "Kiel"]
[Site "?"]
[Date "2002.08.12"]
[Round "4"]
[White "Smetankin Stanislav"]
[Black "Wisnewski Christoph"]
[Result "1/2-1/2"]
[WhiteElo "2455"]
[BlackElo "2384"]
[PlyCount "128"]
[EventDate "2002.??.??"]
[Source "www.chesslib.no"]
[SourceDate "2004.05.04"]

1. e4 e5 2. Nf3 Nc6 3. d4 exd4 4. Nxd4 Qh4 5. Nc3 Bb4 6. Ndb5 Ba5 7. Bd3 a6 8. Na3 b5 9. Nab1 d6 10. O-O Nf6 11. Nd2 Ne5 12. Nf3 Nxf3+ 13. Qxf3 Ng4 14. Qf4 g5 15. Qg3 Qxg3 16. hxg3 h6 17. a4 b4 18. Nd5 c6 19. Ne3 Ne5 20. Be2 Bb6 21. a5 Bc5 22. Bd2 Be6 23. Ra4 Bxe3 24. Bxe3 c5 25. f4 gxf4 26. gxf4 Nc4 27. Bc1 d5 28. exd5 Bxd5 29. Rd1 O-O-O 30. b3 Bc6 31. Rxd8+ Rxd8 32. Ra1 Nd2 33. Bxa6+ Kb8 34. Be2 f5 35. a6 Ka7 36. g3 Bf3 37. Bxf3 Nxf3+ 38. Kf2 Nd2 39. Ke3 Nf1+ 40. Kf3 Nh2+ 41. Ke2 Ng4 42. Bb2 Kb6 43. Be5 Ra8 44. Bd6 Kc6 45. Be7 Ra7 46. Kf3 h5 47. Ra5 Kb6 48. Bxc5+ Kxa5 49. Bxa7 Kxa6 50. Bd4 Kb5 51. Kg2 Kc6 52. Kf3 Nh6 53. Bf6 Ng4 54. Be7 Kb5 55. Ke2 Nh2 56. Ke3 Nf1+ 57. Kd4 Nxg3 58. Ke5 Ne2 59. Kxf5 Kc6 60. Bxb4 h4 61. Kg4 h3 62. Kxh3 Nxf4+ 63. Kg4 Ne2 64. c3 Nc1 1/2-1/2

[Event "Festuge Open"]
[Site "Festuge"]
[Date "1991.??.??"]
[Round "?"]
[White "Nielsen, Peter Heine"]
[Black "Hector, Jonny"]
[Result "0-1"]
[WhiteElo "2365"]
[BlackElo "2465"]
[PlyCount "84"]
[EventDate "1991.??.??"]
[Source "www.chesslib.no"]
[SourceDate "2004.05.04"]

1. e4 e5 2. Nf3 Nc6 3. d4 exd4 4. Nxd4 Qh4 5. Nc3 Bb4 6. Be2 Nge7 7. O-O Bxc3 8. bxc3 Nxd4 9. cxd4 Qxe4 10. Re1 Qh4 11. Bd3 d5 12. Rb1 O-O 13. Ba3 Re8 14. Qf3 Be6 15. c3 Ng6 16. Qg3 Qxg3 17. hxg3 Rab8 18. f4 Bd7 19. Rxe8+ Bxe8 20. f5 Nf8 21. Bc1 b6 22. Bf4 Rd8 23. Ba6 c6 24. Re1 Bd7 25. Bc7 Re8 26. Rxe8 Bxe8 27. Bb8 b5 28. Bxa7 Nd7 29. Bc8 Nf6 30. Bc5 Bd7 31. Bxd7 Nxd7 32. Bb4 g6 33. fxg6 hxg6 34. Kf2 Nf6 35. Kf3 Nd7 36. Kf4 f6 37. Bc5 Kf7 38. g4 Ke6 39. g5 fxg5+ 40. Kxg5 Nxc5 41. dxc5 Ke5 42. Kxg6 b4 0-1

[Event "Zalakaros Open"]
[Site "Zalakaros"]
[Date "1995.??.??"]
[Round "2"]
[White "Chernyshov, Konstantin"]
[Black "Biro, Sandor"]
[Result "1-0"]
[WhiteElo "2510"]
[BlackElo "2320"]
[PlyCount "113"]
[EventDate "1995.??.??"]
[Source "www.chesslib.no"]
[SourceDate "2004.05.04"]

1. e4 e5 2. Nf3 Nc6 3. d4 exd4 4. Nxd4 Qh4 5. Nb5 Bc5 6. Qf3 Nd4 7. Qf4 Qxf4 8. Bxf4 Nxb5 9. Bxb5 c6 10. Bc4 d6 11. Nc3 Be6 12. Bxe6 fxe6 13. Na4 O-O-O 14. Nxc5 dxc5 15. Ke2 Nf6 16. f3 Rhf8 17. Be5 Nd7 18. Bc3 Rf7 19. Rad1 Re8 20. h4 e5 21. h5 h6 22. a4 b6 23. b3 Kc7 24. Rh3 Re6 25. Rg1 a5 26. g4 Kd6 27. g5 c4 28. b4 axb4 29. Bxb4+ c5 30. Bd2 hxg5 31. Rxg5 Nb8 32. Rhg3 Ree7 33. Rg6+ Kc7 34. a5 b5 35. Be3 Nd7 36. a6 b4 37. a7 Kb7 38. Ra6 Re8 39. Ra5 Rc8 40. Rg6 Nf6 41. Bxc5 b3 42. cxb3 cxb3 43. Be3 Ka8 44. Rb5 Nxh5 45. Rc6 Nf4+ 46. Kf1 Rh8 47. Rxb3 Rd7 48. Rc1 Ne6 49. Rcb1 Rdd8 50. Kf2 g5 51. Rb5 Nf4 52. Kg3 Ne2+ 53. Kg4 Nc3 54. Rb8+ Rxb8 55. Rxb8+ Rxb8 56. axb8=Q+ Kxb8 57. Kf5 1-0

[Event "CRO-ch team"]
[Site "?"]
[Date "1999.09.11"]
[Round "3"]
[White "Fercec Nenad"]
[Black "Zelic Mladen"]
[Result "1-0"]
[WhiteElo "2476"]
[BlackElo "2353"]
[PlyCount "51"]
[EventDate "1999.??.??"]
[Source "www.chesslib.no"]
[SourceDate "2004.05.04"]

1. e4 e5 2. Nf3 Nc6 3. d4 exd4 4. Nxd4 Qh4 5. Nc3 Bb4 6. Be2 Bxc3+ 7. bxc3 Nf6 8. O-O Nxd4 9. cxd4 Nxe4 10. Ba3 d5 11. Qe1 Be6 12. Rb1 Nd6 13. Qc3 O-O-O 14. Ba6 bxa6 15. Qc6 Qxd4 16. Bxd6 Rxd6 17. Qa8+ Kd7 18. Qxh8 Bf5 19. Rb8 Kc6 20. Qe8+ Bd7 21. Qxf7 Rg6 22. Rb3 Qe4 23. Rc3+ Kd6 24. Qf8+ Qe7 25. Qf4+ Qe5 26. Qb4+ 1-0

[Event "Los Angeles"]
[Site "Los Angeles"]
[Date "2003.08.22"]
[Round "5"]
[White "Sevillano, Enrico"]
[Black "Kretchetov, Alexandre"]
[Result "1-0"]
[WhiteElo "2490"]
[BlackElo "2335"]
[PlyCount "59"]
[EventDate "2003.08.18"]
[Source "ChessBase"]
[SourceDate "2003.11.11"]

1. e4 e5 2. Nf3 Nc6 3. d4 exd4 4. Nxd4 Qh4 5. Nc3 Bb4 6. Be2 Qxe4 7. Ndb5 Kd8 8. O-O Bxc3 9. Nxc3 Qd4 10. Bd3 Nge7 11. Qh5 f5 12. Re1 h6 13. Bd2 a6 14. Rad1 g6 15. Qe2 Qg7 16. Na4 Rh7 17. Bc3 Qf8 18. Bc4 b6 19. Qe3 Rb8 20. b4 d6 21. Nc5 bxc5 22. bxc5 d5 23. Bxd5 Nxd5 24. Bf6+ Re7 25. Rxd5+ Bd7 26. Bxe7+ Nxe7 27. Rdd1 Ke8 28. Qe5 Rc8 29. Rxd7 Kxd7 30. Qe6+ 1-0

[Event "SVK-ch team"]
[Site "?"]
[Date "2000.11.26"]
[Round "4"]
[White "Oral Tomas"]
[Black "Kantorik Marian"]
[Result "1-0"]
[WhiteElo "2531"]
[BlackElo "2289"]
[PlyCount "31"]
[EventDate "2000.??.??"]
[Source "www.chesslib.no"]
[SourceDate "2004.05.04"]

1. e4 e5 2. Nf3 Nc6 3. d4 exd4 4. Nxd4 Qh4 5. Nc3 Bb4 6. Be2 Qxe4 7. Ndb5 Bxc3+ 8. bxc3 Kd8 9. O-O a6 10. Bf3 Qc4 11. Nd6 cxd6 12. Qxd6 Nf6 13. Be3 Ne7 14. Rfe1 Nfd5 15. Bxd5 Nxd5 16. Qxd5 1-0

[Event "Asuncion"]
[Site "Asuncion PAR"]
[Date "1991.??.??"]
[Round "8"]
[White "Hernandez, Gilberto"]
[Black "Montero Martinez, Cristian"]
[Result "1-0"]
[WhiteElo "2525"]
[BlackElo "2295"]
[PlyCount "21"]
[EventDate "1991.??.??"]
[Source "www.chesslib.no"]
[SourceDate "2004.05.04"]

1. e4 e5 2. Nf3 Nc6 3. d4 exd4 4. Nxd4 Qh4 5. Nc3 Bb4 6. Be2 Qxe4 7. Ndb5 Ba5 8. Nxc7+ Kd8 9. Nxa8 Qxg2 10. Bf3 Qg6 11. Be3 1-0

[Event "Corr"]
[Site "?"]
[Date "2000.08.31"]
[Round "?"]
[White "Barnsley Anthony R"]
[Black "Bergmann Paulo Fernando Brit"]
[Result "1-0"]
[WhiteElo "2473"]
[BlackElo "2341"]
[PlyCount "53"]
[EventDate "2000.??.??"]
[Source "www.chesslib.no"]
[SourceDate "2004.05.04"]

1. e4 e5 2. Nf3 Nc6 3. d4 exd4 4. Nxd4 Qh4 5. Nb5 Bb4+ 6. Bd2 Qxe4+ 7. Be2 Kd8 8. O-O Bxd2 9. Nxd2 Qf4 10. g3 Qh6 11. Nc4 a6 12. Nd4 Nxd4 13. Qxd4 Qf6 14. Qc5 Ne7 15. Rad1 b6 16. Qa3 Bb7 17. Rfe1 Re8 18. Bg4 d5 19. Qb3 Ra7 20. Ne5 Nf5 21. Rxd5+ Kc8 22. Re3 Bxd5 23. Qxd5 Rd8 24. Qf3 g6 25. Nc6 Rb7 26. Nxd8 Qxd8 27. Qc6 1-0

[Event "Kiel"]
[Site "?"]
[Date "2001.08.22"]
[Round "7"]
[White "Karpatchev Aleksandr"]
[Black "Wisnewski Christoph"]
[Result "1/2-1/2"]
[WhiteElo "2421"]
[BlackElo "2387"]
[PlyCount "94"]
[EventDate "2001.??.??"]
[Source "www.chesslib.no"]
[SourceDate "2004.05.04"]

1. e4 e5 2. Nf3 Nc6 3. d4 exd4 4. Nxd4 Qh4 5. Be3 Qxe4 6. Nb5 Bb4+ 7. c3 Ba5 8. Nd2 Qe7 9. Bd3 a6 10. Na3 Bxc3 11. bxc3 Qxa3 12. O-O d5 13. Re1 Nge7 14. Nb3 Be6 15. Bc5 Qa4 16. Re3 O-O-O 17. Bxe7 Nxe7 18. Qe2 Qa3 19. Rb1 Nc6 20. Nd4 Nxd4 21. cxd4 Qd6 22. Qb2 b5 23. a4 c6 24. axb5 axb5 25. Bxb5 Kd7 26. Ba4 Rb8 27. Rb3 Rxb3 28. Qxb3 Rc8 29. h3 Ke7 30. Qd3 g6 31. Qc3 Kf8 32. Rc1 Bd7 33. Bd1 Rb8 34. Bg4 f5 35. Bf3 Qb4 36. Qe3 Re8 37. Qf4 Re1+ 38. Rxe1 Qxe1+ 39. Kh2 Qe7 40. Qb8+ Kg7 41. Qc7 Kf7 42. g3 Be8 43. Qf4 Kg7 44. h4 Qf6 45. Qe3 Bf7 46. Bg2 h6 47. f4 Qd8 1/2-1/2

[Event "Corr"]
[Site "?"]
[Date "1998.01.05"]
[Round "?"]
[White "Vigfusson Vigfus"]
[Black "Malinin Vasily Borisovich ("]
[Result "0-1"]
[WhiteElo "2395"]
[BlackElo "2410"]
[PlyCount "36"]
[EventDate "1998.??.??"]
[Source "www.chesslib.no"]
[SourceDate "2004.05.04"]

1. e4 e5 2. Nf3 Nc6 3. d4 exd4 4. Nxd4 Qh4 5. Nb5 Bc5 6. Qf3 Nf6 7. Nxc7+ Kd8 8. Nxa8 Nd4 9. Qd3 Nxe4 10. Be3 Re8 11. g3 Qf6 12. Kd1 Nxf2+ 13. Bxf2 Qxf2 14. Bh3 Re3 15. Qxe3 Qxe3 16. Nd2 Bb4 17. c3 Qe2+ 18. Kc1 Qd3 0-1

[Event "Troll Masters"]
[Site "Gausdal"]
[Date "1990.??.??"]
[Round "5"]
[White "Bjerring, Kai"]
[Black "Schussler, Harry"]
[Result "1/2-1/2"]
[WhiteElo "2310"]
[BlackElo "2490"]
[PlyCount "67"]
[EventDate "1990.01.??"]
[Source "ChessBase"]

1. e4 e5 2. Nf3 Nc6 3. d4 exd4 4. Nxd4 Qh4 5. Nb5 Bc5 6. Qe2 Qd8 7. Be3 d6 8. Qd2 Bxe3 9. Qxe3 Nf6 10. N1c3 O-O 11. O-O-O Re8 12. f3 Qe7 13. g4 a6 14. Nd4 Nxd4 15. Qxd4 Qe5 16. Be2 b5 17. h4 Bb7 18. a4 Bc6 19. Rhf1 Rab8 20. Qxe5 Rxe5 21. axb5 axb5 22. b4 h6 23. Bd3 g5 24. hxg5 hxg5 25. f4 gxf4 26. Rxf4 Nh7 27. Kd2 Ng5 28. Ra1 Rbe8 29. Ra5 Nxe4+ 30. Bxe4 Bxe4 31. Rxb5 Bg2 32. Rxe5 Rxe5 33. Rf5 Re7 34. Rf2 1/2-1/2

[Event "Capablanca mem-B"]
[Site "Matanzas"]
[Date "1992.??.??"]
[Round "7"]
[White "Aldama, Degurnay"]
[Black "Lugo, Blas"]
[Result "0-1"]
[WhiteElo "2380"]
[BlackElo "2415"]
[PlyCount "84"]
[EventDate "1992.05.??"]
[Source "ChessBase"]

1. e4 e5 2. Nf3 Nc6 3. d4 exd4 4. Nxd4 Qh4 5. Qd3 Nf6 6. Nd2 Ng4 7. g3 Qf6 8. f3 Nb4 9. Qc3 Qxd4 10. Qxd4 Nxc2+ 11. Kd1 Nxd4 12. fxg4 d5 13. h3 Be6 14. Bg2 O-O-O 15. e5 h5 16. gxh5 Rxh5 17. Nf3 Nxf3 18. Bxf3 Rxh3 19. Rxh3 Bxh3 20. g4 Bf1 21. Bf4 Bc4 22. b3 Bd3 23. Kd2 Bg6 24. Rc1 c6 25. g5 Bf5 26. a4 Bb4+ 27. Ke2 d4 28. Bd2 Ba3 29. Ra1 Bb2 30. Rh1 d3+ 31. Kf2 Bxe5 32. a5 a6 33. Re1 Bd4+ 34. Kg3 Kd7 35. b4 Re8 36. Rc1 Be5+ 37. Kf2 Rh8 38. b5 Rh2+ 39. Ke3 axb5 40. a6 bxa6 41. Bxc6+ Ke7 42. Bb4+ Bd6 0-1

[Event "Tula1"]
[Site "?"]
[Date "2001.??.??"]
[Round "6"]
[White "Afromeev Vladimir"]
[Black "Gusev Aleksey"]
[Result "1-0"]
[WhiteElo "2405"]
[BlackElo "2383"]
[PlyCount "33"]
[EventDate "2001.??.??"]
[Source "www.chesslib.no"]
[SourceDate "2004.05.04"]

1. e4 e5 2. Nf3 Nc6 3. d4 exd4 4. Nxd4 Qh4 5. Nb5 Qxe4+ 6. Be2 Kd8 7. O-O Nf6 8. N1c3 Qf5 9. Bd3 Qc5 10. Be3 Qb4 11. Bg5 Bd6 12. a3 Qc5 13. Ne4 Qe5 14. f4 Qxb2 15. Nexd6 cxd6 16. Rb1 Qa2 17. Rb3 1-0

[Event "Corr"]
[Site "?"]
[Date "1998.??.??"]
[Round "?"]
[White "Becker Frank"]
[Black "Brachtel Ralph"]
[Result "1/2-1/2"]
[WhiteElo "2405"]
[BlackElo "2380"]
[PlyCount "26"]
[EventDate "1998.??.??"]
[Source "www.chesslib.no"]
[SourceDate "2004.05.04"]

1. e4 e5 2. Nf3 Nc6 3. d4 exd4 4. Nxd4 Qh4 5. Nb5 Bc5 6. Qe2 Nd4 7. Nxd4 Bxd4 8. c3 Bb6 9. g3 Qe7 10. Bg2 d6 11. a4 a5 12. Be3 Bxe3 13. Qxe3 Nf6 1/2-1/2

[Event "It Open"]
[Site "?"]
[Date "2002.??.??"]
[Round "3"]
[White "Kummerow Heiko"]
[Black "Karpatchev Aleksandr"]
[Result "1-0"]
[WhiteElo "2310"]
[BlackElo "2474"]
[PlyCount "35"]
[EventDate "2002.??.??"]
[Source "www.chesslib.no"]
[SourceDate "2004.05.04"]

1. e4 e5 2. Nf3 Nc6 3. d4 exd4 4. Nxd4 Qh4 5. Nc3 Bb4 6. Be2 Qxe4 7. Ndb5 Bxc3+ 8. bxc3 Kd8 9. O-O Nf6 10. Be3 Re8 11. Re1 Re7 12. Bf3 Qc4 13. Rb1 Ne5 14. Bd4 Nxf3+ 15. Qxf3 d6 16. Bxf6 gxf6 17. Qxf6 Be6 18. Nxd6 1-0

[Event "Wch U26"]
[Site "Antwerp"]
[Date "1992.??.??"]
[Round "2"]
[White "Thesing, Matthias"]
[Black "Ninov, Nikolai"]
[Result "1/2-1/2"]
[WhiteElo "2410"]
[BlackElo "2370"]
[PlyCount "127"]
[EventDate "1992.??.??"]
[Source "ChessBase"]

1. e4 e5 2. Nf3 Nc6 3. d4 exd4 4. Nxd4 Qh4 5. Nc3 Bb4 6. Ndb5 Ba5 7. Bd3 a6 8. Na3 Nf6 9. O-O O-O 10. Nd5 Nxd5 11. exd5 Ne5 12. Be3 Bb4 13. Bd4 d6 14. Be2 Bf5 15. c3 Bxa3 16. bxa3 Rae8 17. Qd2 Re7 18. f3 Rfe8 19. Rf2 Bc8 20. Bf1 Ng6 21. g3 Qh5 22. c4 b6 23. Rc1 Bh3 24. Bd3 Ne5 25. Be2 Qg6 26. Bc3 h5 27. Kh1 Qf5 28. Kg1 f6 29. f4 Ng4 30. Bd3 Qd7 31. Re2 Rxe2 32. Bxe2 Qe7 33. Bd3 Qe3+ 34. Qxe3 Rxe3 35. Rd1 Nh6 36. Bd4 Re7 37. Kf2 Bf5 38. Be2 Rxe2+ 39. Kxe2 Bg4+ 40. Kd2 Bxd1 41. Kxd1 Nf5 42. Bf2 Kf7 43. Kd2 Nh6 44. Kd3 h4 45. gxh4 Kg6 46. Ke4 Ng4 47. Bg3 f5+ 48. Kd3 Kh5 49. h3 Nf6 50. Be1 Ne4 51. Ke3 Kh6 52. Kd3 Kg6 53. Ke3 Kh5 54. Kd3 Nc5+ 55. Ke3 Na4 56. Kd3 Kh6 57. Bg3 Kg6 58. Be1 Kh5 59. Bg3 Nc5+ 60. Ke3 Nd7 61. Be1 b5 62. cxb5 axb5 63. Kd4 Nf6 64. Bg3 1/2-1/2